Bulla plenarie indulgentiae per .S.D.N. Iulium diuina prouidentia Papam. III. : concessæ omnibus Christifidelibus, qui Deo optimo pro vnione regni Angliæ Sanctæ Matri Ecclesiæ iam facta gratias egerint, ac pro cæteris qui adhuc in errore remanent, nec non pro pace inter principes Christianos obtinenda humiliter supplicauerint.

Bibliographic Details
Corporate Author: Catholic Church. Pope (1550-1555 : Julius III)
Other Authors: Julius III, Pope, 1487-1555
Format: eBook
Language:Latin
Published: Excusum Londini : In ædibus Iohannis Cavvodi typographi Regiæ Maiestatis. Cum priuilegio, [1554]
Series:Early English books online.
Subjects:
Online Access:Connect to the full text of this electronic book

MARC

Tag First Indicator Second Indicator Subfields
LEADER 00000nam a2200000 4500
001 in00004176613
005 20200807083512.0
006 m g d
007 cr bn |||a|bb|
008 930517s1554 enk o 00| | lat d
035 |a (UnM)99857651 
037 |a CL0036000037  |b ProQuest. 789 E. Eisenhower Parkway, Ann Arbor, MI 48108-3218 
040 |a Cu-RivES  |c Cu-RivES  |d CStRLIN  |e dcrb  |d WaOLN 
110 2 |a Catholic Church.  |b Pope (1550-1555 : Julius III) 
245 1 0 |a Bulla plenarie indulgentiae per .S.D.N. Iulium diuina prouidentia Papam. III. :  |b concessæ omnibus Christifidelibus, qui Deo optimo pro vnione regni Angliæ Sanctæ Matri Ecclesiæ iam facta gratias egerint, ac pro cæteris qui adhuc in errore remanent, nec non pro pace inter principes Christianos obtinenda humiliter supplicauerint. 
246 2 |a Bulla plenarie indulgentiae per .S.D.N. Julium divina providentia Papam. III 
260 |a Excusum Londini :  |b In ædibus Iohannis Cavvodi typographi Regiæ Maiestatis. Cum priuilegio,  |c [1554] 
300 |a 1 online resource (1 sheet ([1] pages) 
336 |a text  |b txt  |2 rdacontent 
337 |a computer  |b c  |2 rdamedia 
338 |a online resource  |b cr  |2 rdacarrier 
500 |a A plenary indulgence to the English people on the reconciliation with Rome. 
500 |a Dated: anno .. millesimo quingentesimo quinquagesimo quarto, nono Kalen[dis] Ianuarij. 
500 |a Identified on film as STC 14843 (number cancelled). 
500 |a Reproduction of the original in the Society of Antiquaries. 
501 |a With: An exclamation vpon the erronious and fantasticall sprite of heresy. London : R. Lant, [1553?]. 
510 4 |a STC (2nd edition)  |c 14077c.147 
533 |a Electronic reproduction.  |b Ann Arbor, Mich. :  |c UMI,  |d 1999-  |f (Early English books online)  |n Digital version of: (Early English books, 1475-1640 ; 1350:5b)  |7 s1999 miun s 
650 0 |a Indulgences  |v Early works to 1800. 
700 0 |a Julius  |b III,  |c Pope,  |d 1487-1555. 
830 0 |a Early English books online. 
856 4 0 |u http://proxy.library.tamu.edu/login?url=https://search.proquest.com/docview/2240864681  |z Connect to the full text of this electronic book  |t 0 
999 f f |s b8b39cc6-b022-3613-aa7d-07ac930dbbe7  |i d7bbf37b-440d-3241-b1ca-d6f1db051ab2  |t 0 
952 f f |a Texas A&M University  |b College Station  |c Electronic Resources  |d Available Online  |t 0  |h No information provided 
998 f f |t 0  |l Available Online